Proceedings of the International Forum on "Investing in Nigeria's Export Processing Zones" : date, 5th November, 1992, venue, Nigerian Institute of International Affairs ... Lagos, Nigeria.

Saved in:
Bibliographic Details
Corporate Author: International Forum on "Investing in Nigeria's Export Processing Zones" Nigerian Institute of International Affairs)
Format: Book
Language:English
Published: Abuja, Nigeria : Task Force on Export Processing Zones, Federal Ministry of Commerce and Tourism, [1992?]
Subjects:
Tags: Add Tag
No Tags, Be the first to tag this record!
LEADER 01512nam a22002534a 4500
001 007797659-2
005 20020606104010.5
008 970722s1992 nr f100 0 eng c
035 0 |a ocm37334590 
040 |a INU  |c INU  |d HLS 
042 |a pcc 
043 |a f-nr--- 
082 0 4 |a 382.60966909049  |2 21 
111 2 |a International Forum on "Investing in Nigeria's Export Processing Zones"  |d (1992 :  |c Nigerian Institute of International Affairs) 
245 1 0 |a Proceedings of the International Forum on "Investing in Nigeria's Export Processing Zones" :  |b date, 5th November, 1992, venue, Nigerian Institute of International Affairs ... Lagos, Nigeria. 
260 |a Abuja, Nigeria :  |b Task Force on Export Processing Zones, Federal Ministry of Commerce and Tourism,  |c [1992?] 
300 |a 28 p. ;  |c 22 cm. 
500 |a Cover title. 
505 0 0 |t Investors and the export processing zones /  |r F Scott  |g (7 p.). --  |t The legal regime for Nigerian export processing zones scheme /  |r B. St Matthew-Daniel  |g (4 p.). 
650 0 |a Export processing zones  |z Nigeria  |v Congresses. 
655 7 |a Conference proceedings.  |2 fast 
776 0 8 |i Online version:  |a International Forum on "Investing in Nigeria's Export Processing Zones" (1992 : Nigerian Institute of International Affairs).  |t Proceedings of the International Forum on "Investing in Nigeria's Export Processing Zones".  |d Abuja, Nigeria : Task Force on Export Processing Zones, Federal Ministry of Commerce and Tourism, [1992?]  |w (OCoLC)654705229 
988 |a 20020608 
906 |0 OCLC